000 00465nam a2200157Ia 4500
008 190805s9999||||xx |||||||||||||| ||und||
020 _a9780195659139
_cRs. 430.00
082 0 4 _a333.7
_bSa585
100 1 _aSankar, U.
245 1 0 _aEnvironmental Economics /
_cU. Sankar
260 _aNew Delhi :
_bOxford University Press,
_c2002
300 _aviii, 469 p.
_b :
_c; 22 cm.
650 0 _aEnvironmental economics
_vTextbooks
942 _cBK
999 _c314
_d314